000 00566cam a2200205ua 4500
020 _cRs 8.00
041 _aeng
_h
082 _a330.1
_bKEW/IN
100 _aKewal, Kreshan Dewett .
245 _aIntroductory economics : Elementary Indian economics, Part II /
_cKreshan Dewett Kewal.
_hTextual Documents
250 _a9 /
_b.
260 _aNew Delhi :
_bPremier Publishing Co. ,
_c1962.
300 _a468 ; .
365 _aRs 8.00
504 _a
700 1 _aGurucharan, Singh .
700 1 _aVerma, J D .
942 _cBK
999 _c1919
_d1919